00261nam a2200109Ia 4500008004000000082001300040100001600053245002600069250000500095260004300100300000800143210210b1976 xxu||||| |||| 00| 0 eng d a158 MAUJ aMAURUS (J). aJust a moment please! a aAllahabadbBetter yourself booksc1976 a371